000 00981nam a2200277 i 4500
001 17290
003 ES-MaACL
005 20230906151537.0
007 t|
008 010124s1999 sp ||||0| spa j
020 _a84-376-1726-X
040 _aM-BN
_bspa
_cM-BN
080 _a914.60"18"
100 1 _aMaximiliano
_cEmperador de México.
_979303
245 1 0 _aPor tierras de España
_b: bocetos literarios de viajes : (1851-1852) /
_cArchiduque Maximiliano de Austria, emperador de México ; edición y traducción de Karl Rudolf y Miguel Angel Vega ; introducción de Karl Rudolf.
260 _aMadrid :
_bCátedra,
_c[1999]
300 _a233 p. :
_bil. ;
_c21 cm.
490 1 _aCómo nos vieron
651 4 _aEspaña-
_xDescripción-
_yS.XIX.
_98185
700 1 _aRudolf, Karl F.
_9100497
700 1 _aVega, Miguel Angel.
_9113577
830 0 _aCómo nos vieron
_9180279
852 _aES-MaACL
_jL-24147
_bR.129293
999 _c17290
_d17290